Regional report (Record no. 81785)

MARC details
000 -LEADER
fixed length control field 00898cab a22002175a 4500
001 - CONTROL NUMBER
control field L148314
008 - FIXED-LENGTH DATA ELEMENTS--GENERAL INFORMATION
fixed length control field 090902e20090828xxko f 000 0 eng d
035 ## - SYSTEM CONTROL NUMBER
System control number (Sirsi) u148314
041 0# - LANGUAGE CODE
Language code of text/sound track or separate title eng
100 1# - MAIN ENTRY--PERSONAL NAME
Personal name Eade, Christine
245 00 - TITLE STATEMENT
Title Regional report
Remainder of title Staffordshire and Shropshire
260 ## - PUBLICATION, DISTRIBUTION, ETC.
Date of publication, distribution, etc. 2009
490 #0 - SERIES STATEMENT
Series statement Property Week
Volume/sequential designation 75(35) 28 August 2009, 48-53(4)
520 ## - SUMMARY, ETC.
Summary, etc. Asda will buy Telford and Wrekin Borough Council's former offices to redevelop them as a superstore, bringing regeneration to an isolated part of Telford. Developer St Modwen has resurrected its luxury hotel plans at its popular Trentham Estate. Round-up of activity in all commercial property sectors across the two counties.
590 ## - LOCAL NOTE (RLIN)
Local note KA
651 #4 - SUBJECT ADDED ENTRY--GEOGRAPHIC NAME
Geographic name Staffordshire
651 #4 - SUBJECT ADDED ENTRY--GEOGRAPHIC NAME
Geographic name Shropshire
690 ## - LOCAL SUBJECT ADDED ENTRY--TOPICAL TERM (OCLC, RLIN)
Topical term or geographic name as entry element PROPERTY-COMMERCIAL PROPERTY-COMMERCIAL PROPERTY MARKET
700 1# - ADDED ENTRY--PERSONAL NAME
Personal name Shepherd, Mark
942 ## - ADDED ENTRY ELEMENTS (KOHA)
Suppress in OPAC 0
Holdings
Withdrawn status Lost status Source of classification or shelving scheme Damaged status Not for loan Home library Current library Shelving location Date acquired Total Checkouts Full call number Barcode Date last seen Copy number Price effective from Koha item type
    Dewey Decimal Classification     London London Journal article 02/09/2009   L148314 148314-1001 06/08/2019 1 06/08/2019 Journal article